000 nam a22 7a 4500
999 _c8083
_d8083
008 171127b xxu||||| |||| 00| 0 eng d
100 _94528
_aGANGULLY .P.ET AL
245 _aPERFECT 20 SAMPLE PAPER ENGLISH COMMUNITY X
260 _aNEW DELHI
_bARYA PUBLICATION COMPANY
_c2017